<?xml version="1.0" encoding="UTF-8"?><?xml-stylesheet type="text/xsl" href="static/style.xsl"?><OAI-PMH xmlns="http://www.openarchives.org/OAI/2.0/" xmlns:xsi="http://www.w3.org/2001/XMLSchema-instance" xsi:schemaLocation="http://www.openarchives.org/OAI/2.0/ http://www.openarchives.org/OAI/2.0/OAI-PMH.xsd"><responseDate>2026-04-28T22:11:29Z</responseDate><request verb="GetRecord" identifier="oai:riubu.ubu.es:10259/218" metadataPrefix="marc">https://riubu.ubu.es/oai/request</request><GetRecord><record><header><identifier>oai:riubu.ubu.es:10259/218</identifier><datestamp>2024-05-13T07:15:00Z</datestamp><setSpec>com_10259_2699</setSpec><setSpec>col_10259_2723</setSpec></header><metadata><record xmlns="http://www.loc.gov/MARC21/slim" xmlns:doc="http://www.lyncode.com/xoai" xmlns:xsi="http://www.w3.org/2001/XMLSchema-instance" xmlns:dcterms="http://purl.org/dc/terms/" xsi:schemaLocation="http://www.loc.gov/MARC21/slim http://www.loc.gov/standards/marcxml/schema/MARC21slim.xsd">
<leader>00925njm 22002777a 4500</leader>
<datafield tag="042" ind1=" " ind2=" ">
<subfield code="a">dc</subfield>
</datafield>
<datafield tag="720" ind1=" " ind2=" ">
<subfield code="a">Laviós Villahoz, Juan José</subfield>
<subfield code="e">author</subfield>
</datafield>
<datafield tag="260" ind1=" " ind2=" ">
<subfield code="c">2013</subfield>
</datafield>
<datafield tag="520" ind1=" " ind2=" ">
<subfield code="a">Esta tesis está relacionada con la programación de operaciones de tipo distribuido y analiza el método de Relajación Lagrangiana para su aplicación como mecanismo de generación de precios en el contexto de las subastas combinatorias iterativas. El desarrollo de los sistemas multiagente ha permitido la implementación de sistemas distribuidos de programación y control de la producción. En ellos, los mecanismos de coordinación utilizados son un importante campo de investigación. En este trabajo se estudia la resolución del problema de programación de talleres flexibles mediante el método de Relajación Lagrangiana, que permite descomponerlo para ser implementado en un sistema multiagente. El sistema resultante puede ser entendido como una subasta combinatoria utilizada como mecanismo de negociación. Se han analizado las características y limitaciones de las distintas alternativas para ser implementadas de forma asíncrona y descentralizada, en base a la calidad de la solución propuesta y velocidad de convergencia. ______________________________ This thesis is related to operations scheduling in distributed systems and analyzes the application of the Lagrangian Relaxation method as price mechanism in the context of iterative combinatorial auctions. The development of multiagent systems has enabled the implementation of distributed production scheduling systems. The coordination mechanism is crucial in these systems and its design is an important field of research. In this work we study the resolution of the flexible job shop scheduling problem by the Lagrangian relaxation method. It decomposes the problem to be implemented in a multiagent system. The resulting system can be understood as a combinatorial auction that is used as a negotiation mechanism among the agents. The aim of this work is to study the characteristics and limitations of the different alternatives to be implemented asynchronously and in a decentralized structure, based on the quality and convergence of the solutions</subfield>
</datafield>
<datafield tag="024" ind2=" " ind1="8">
<subfield code="a">http://hdl.handle.net/10259/218</subfield>
</datafield>
<datafield tag="024" ind2=" " ind1="8">
<subfield code="a">10.36443/10259/218</subfield>
</datafield>
<datafield ind1=" " ind2=" " tag="653">
<subfield code="a">Relajación Lagrangiana</subfield>
</datafield>
<datafield ind1=" " ind2=" " tag="653">
<subfield code="a">Programación de operaciones</subfield>
</datafield>
<datafield ind1=" " ind2=" " tag="653">
<subfield code="a">Optimización combinatoria</subfield>
</datafield>
<datafield ind1=" " ind2=" " tag="653">
<subfield code="a">Talleres flexibles</subfield>
</datafield>
<datafield ind1=" " ind2=" " tag="653">
<subfield code="a">Sistemas multiagente</subfield>
</datafield>
<datafield ind1=" " ind2=" " tag="653">
<subfield code="a">Lagrangian Relaxation</subfield>
</datafield>
<datafield ind1=" " ind2=" " tag="653">
<subfield code="a">Scheduling</subfield>
</datafield>
<datafield ind1=" " ind2=" " tag="653">
<subfield code="a">Combinatorial optimization</subfield>
</datafield>
<datafield ind1=" " ind2=" " tag="653">
<subfield code="a">Flexible job shop</subfield>
</datafield>
<datafield ind1=" " ind2=" " tag="653">
<subfield code="a">Multiagent systems</subfield>
</datafield>
<datafield tag="245" ind1="0" ind2="0">
<subfield code="a">Análisis de la Relajación Lagrangiana como método de programación de talleres flexibles en un entorno multiagente</subfield>
</datafield>
</record></metadata></record></GetRecord></OAI-PMH>